000 00656nam a2200301Ia 4500
005 20260401122346.0
008 008 250103s9999 xx 000 0 eng d
020 _a050020232X
037 _aTB
040 _aEDL
040 _beng
040 _cEDL
041 _2eng
041 _aeng
084 _a750.920904 MCQ
084 _qEDL
100 _aMcQuillan, Melissa
_91233351
245 0 _aVan Gogh
245 0 _cMcQuillan, Melissa
260 _aLondon
260 _bThames and Hudson
260 _c1989
300 _a216p
942 _cTB
942 _h750.920904 MCQ
999 _c1846756
_d1846756